| 000 | 01515cam a2200409 i 4500 | ||
|---|---|---|---|
| 003 | PHURS | ||
| 005 | 20221125083419.0 | ||
| 008 | 200921s2020 fi ob 001 0 eng d | ||
| 040 |
_aJSTOR _beng _erda _epn _cJSTOR _dOCLCF _dOCLCQ _dOCLCO |
||
| 020 |
_a9789523690134 _q(electronic bk.) |
||
| 020 |
_a9523690132 _q(electronic bk.) |
||
| 050 | 4 | _aLB1028.3 | |
| 245 | 0 | 4 |
_aThe digital age and its discontents : _bcritical reflections in education / _cedited by Matteo Stocchetti. |
| 264 | 1 |
_a[Helsinki] : _bHUP, Helsinki University Press, _c2020. |
|
| 300 | _a1 online resource | ||
| 336 |
_atext _btxt _2rdacontent |
||
| 337 |
_acomputer _bc _2rdamedia |
||
| 338 |
_aonline resource _bcr _2rdacarrier |
||
| 504 | _aIncludes bibliographical references and index. | ||
| 588 | 0 | _aPDF (JSTOR, viewed September 21, 2020). | |
| 590 |
_aJSTOR _bBooks at JSTOR Open Access |
||
| 650 | 0 | _aEducational technology. | |
| 650 | 0 | _aEducational change. | |
| 650 | 0 |
_aTechnology _xSocial aspects. |
|
| 650 | 2 | _aEducational Technology | |
| 650 | 6 | _aTechnologie éducative. | |
| 650 | 6 |
_aEnseignement _xRéforme. |
|
| 650 | 7 |
_aEDUCATION _xPhilosophy & Social Aspects. |
|
| 650 | 7 | _aEducational change | |
| 650 | 7 | _aEducational technology | |
| 650 | 7 |
_aTechnology _xSocial aspects |
|
| 655 | 4 | _aElectronic books. | |
| 700 | 1 |
_aStocchetti, Matteo, _eeditor. _0http://id.loc.gov/authorities/names/nb2008023603 |
|
| 856 | 4 | 0 | _uhttps://www.jstor.org/stable/10.2307/j.ctv16c9hdw |
| 942 |
_2lcc _cE-BOOK |
||
| 994 |
_a92 _bPHURS |
||
| 999 |
_c57823 _d57823 |
||